000 00668cam a2200193 4500
001 WS108053
008 000000n 000 0 eng u
035 _a(Sirsi) u108053
110 _aRoyal Town Planning Institute
_91206
245 _aRoyal Town Planning Institute
520 _aWeb site for this professional institution giving press releases, policy statements and careers advice.
650 _aRTPI
650 _aCPD
650 _aCODE OF CONDUCT
650 _aORGANISATION
690 _aENVIRONMENTAL AND LAND CONSULTANCY-PLANNING AND DEVELOPMENT
856 4 0 _uhttps://www.rtpi.org.uk
_zView the website free of charge at www.rtpi.org.uk...
942 _n0
999 _c119601
_d119601